Account nie je len účet

Úlohy account managera v reklamnej agentúre. Rozdelenie funkcií v account departmente. Komunikačné predpoklady account managera pre komunikáciu so zákazníkmi.

Guardado en:
Detalles Bibliográficos
Autor principal: Vášáry, T.
Formato: Capítulo de libro
Lenguaje:eslovaco
Materias:
Etiquetas: Agregar Etiqueta
Sin Etiquetas, Sea el primero en etiquetar este registro!

MARC

LEADER 00000naa a2200000 4500
001 r026276
005 20230922094431.0
041 0 |a slo 
044 |a SK 
245 1 0 |a Account nie je len účet  |c T. Vášáry 
520 |a Úlohy account managera v reklamnej agentúre. Rozdelenie funkcií v account departmente. Komunikačné predpoklady account managera pre komunikáciu so zákazníkmi. 
610 2 0 |a reklama 
610 2 0 |a zákazníci 
610 2 0 |a rokovania obchodné 
610 2 0 |a komunikácia 
100 1 |a Vášáry, T.